| 000 | 00331nam a22001337a 4500 | ||
|---|---|---|---|
| 020 | _a9780824788872 | ||
| 082 |
_a633.18 _bMAR/RI |
||
| 245 | _aRice Science and Technology | ||
| 260 |
_aNew York _bMarcel Dekker,Inc. _c2014 |
||
| 300 | _a470 | ||
| 700 |
_aMarshall,Wayne E. _91151 |
||
| 700 |
_aWadsworth,James I. _91152 |
||
| 942 | _cBK | ||
| 999 |
_c14657 _d14657 |
||